La vengeance de la vie ; Agnes Delas.

Bibliographic Details
Main Author: Bourget, Paul
Format: Book
Language:French
Published: Paris : Plon, [1930]

MARC

Tag First Indicator Second Indicator Subfields
LEADER 00000cam a2200000 4500
001 in00000022350
005 20151007063946.0
008 800703s1930 fr 00001 fre d
035 |a (OCoLC)06484618 
035 |9 AAD8702AM 
040 |a TXA  |c TXA  |d UtOrBLW 
049 |a TXAM  |c [44130] 
090 |a PQ2199  |b .V46 1930 
092 |a 843  |b B77v 
100 1 |a Bourget, Paul. 
245 1 3 |a La vengeance de la vie ;  |b Agnes Delas. 
264 1 |a Paris :  |b Plon,  |c [1930] 
264 4 |c [©1930] 
300 |a 277 pages 
336 |a text  |b txt  |2 rdacontent 
337 |a unmediated  |b n  |2 rdamedia 
338 |a volume  |b nc  |2 rdacarrier 
999 |a MARS 
999 f f |s c8cda8b4-da81-3915-bdd6-44a19cf23245  |i 0ec69507-1f89-3151-ac2a-3adb4eab16b6  |t 0 
952 f f |p ric  |a Texas A&M University  |b Rellis Campus  |c Joint Library Facility  |d Remote Storage  |t 0  |e PQ2199 .V46 1930  |h Library of Congress classification  |i unmediated -- volume  |m A14801367826 
998 f f |a PQ2199 .V46 1930  |t 0  |l Remote Storage